Separated Large Cities (USA) Quiz Stats

 Plays Quiz Updated May 2, 2015

Challenge
Share
Tweet
Score 0/50 Timer 07:00
17 Plays Today
% Correct
New
97.9%
New
97.8%
Philadel
97.5%
Oklahoma
97.4%
Kansas
97.4%
Nash
97.3%
Cin
97%
San
96.6%
Wash
96.6%
Sacra
96.5%
Mil
96.3%
El
96%
Colorado
95.8%
Little
95.6%
Chi
95.5%
Baton
95.5%
Buff
95.3%
Dall
95.2%
Jackson
95.1%
Or
94.9%
Rich
94.9%
Se
94.6%
Madi
94.4%
Colum
94%
Fort
93.8%
% Correct
Oak
93.4%
Bis
93.1%
Aus
92.8%
Virginia
91.8%
Port
91.6%
Santa
91.2%
Ches
90.6%
Scotts
90.3%
Tul
90.3%
Glen
90.2%
Nor
89.9%
Tuc
89.7%
Hender
89.7%
Ra
87.9%
Ancho
87.8%
Fre
86.2%
Tole
86.2%
Au
85.7%
River
85%
Chand
83.7%
New
83.1%
Wi
82.1%
Ir
79.7%
Chula
74.7%
Hia
61.4%

You're not logged in!

Compare scores with friends on all Sporcle quizzes.
OR
Log In

You Might Also Like...

Show Comments

Extras

Top Quizzes Today


Score Distribution

Your Account Isn't Verified!

In order to create a playlist on Sporcle, you need to verify the email address you used during registration. Go to your Sporcle Settings to finish the process.

Report this User

Report this user for behavior that violates our Community Guidelines.

Details: